|
|
|
|
| LEADER |
00000cam a22000004a 4500 |
| 001 |
musev2_2345 |
| 003 |
MdBmJHUP |
| 005 |
20230905040320.0 |
| 006 |
m o d |
| 007 |
cr||||||||nn|n |
| 008 |
101015s2011 ohu o 00 0 eng d |
| 010 |
|
|
|z 2010043891
|
| 020 |
|
|
|a 9780821443590
|
| 020 |
|
|
|z 0821419390
|
| 020 |
|
|
|z 0821443593
|
| 020 |
|
|
|z 9780821419397
|
| 035 |
|
|
|a (OCoLC)727948471
|
| 040 |
|
|
|a MdBmJHUP
|c MdBmJHUP
|
| 043 |
|
|
|a n-us-oh
|
| 050 |
0 |
4 |
|a KFO462.6.A25
|b M37 2011
|
| 082 |
0 |
|
|a 342.77108/53
|2 22
|
| 100 |
1 |
|
|a Marburger, David.
|
| 245 |
1 |
0 |
|a Access with Attitude :
|b An Advocate's Guide to Freedom of Information in Ohio /
|c David Marburger and Karl Idsvoog ; with a foreword by Doug Clifton.
|
| 264 |
|
1 |
|a Athens :
|b Ohio University Press,
|c 2011.
|
| 264 |
|
3 |
|a Baltimore, Md. :
|b Project MUSE,
|c 2012
|
| 264 |
|
4 |
|c ©2011.
|
| 300 |
|
|
|a 1 online resource:
|b forms ;
|
| 336 |
|
|
|a text
|b txt
|2 rdacontent
|
| 337 |
|
|
|a computer
|b c
|2 rdamedia
|
| 338 |
|
|
|a online resource
|b cr
|2 rdacarrier
|
| 500 |
|
|
|a Includes index.
|
| 505 |
0 |
|
|a Unlawful obstacles : conditions that officials can't impose -- Fees and other conditions that officials can impose -- Strategies for requesting public records -- Electronic public records -- How to fight delay and denial without suing -- Law enforcement investigatory records : know the limits of the barrier that people encounter most -- The stealth exemption -- Privacy -- Court records -- Privatizing government -- Records retention : limits on administrators' discretion to destroy records -- Suing for access to public records and winning -- Counsel for counsel : the Public Records Act and discovery.
|
| 588 |
|
|
|a Description based on print version record.
|
| 650 |
|
0 |
|a Freedom of information
|z Ohio.
|
| 650 |
|
0 |
|a Public records
|x Law and legislation
|z Ohio.
|
| 650 |
|
0 |
|a Public records
|x Access control
|z Ohio.
|
| 655 |
|
7 |
|a Electronic books.
|2 local
|
| 700 |
1 |
|
|a Idsvoog, Karl.
|
| 710 |
2 |
|
|a Project Muse.
|e distributor
|
| 830 |
|
0 |
|a Book collections on Project MUSE.
|
| 856 |
4 |
0 |
|z Texto completo
|u https://projectmuse.uam.elogim.com/book/2345/
|
| 945 |
|
|
|a Project MUSE - Custom Collection
|
| 945 |
|
|
|a Project MUSE - 2011 US Regional Studies, Midwest
|
| 945 |
|
|
|a Project MUSE - 2011 Complete
|